[Event "307th YMCA Autumn B"]
[Site "Warsaw"]
[Date "2025.10.11"]
[Round "1"]
[White "Moskwinski, Marek"]
[Black "Kania, Tomasz"]
[Result "0-1"]
[WhiteElo "1907"]
[BlackElo "1775"]
[PlyCount "52"]
[EventDate "2025.09.25"]
[EventType "tourn"]
[EventRounds "1"]
[EventCountry "POL"]
[SourceDate "2025.09.25"]

1. e4 c5 2. Nf3 Nc6 3. Bb5 g6 4. O-O Bg7 5. c3 Nf6 6. Re1 O-O 7. d4 cxd4 8.
cxd4 d5 9. e5 Ne4 10. Nc3 Nxc3 11. bxc3 Qb6 12. Bd3 Bg4 13. h3 Bxf3 14. Qxf3
Qa5 15. Bc2 Nxd4 16. Qd3 Nxc2 17. Qxc2 Rac8 18. Bd2 Qc5 19. Be3 d4 20. Bg5 dxc3
21. Rac1 Bxe5 22. Be3 Bd4 23. Bxd4 Qxd4 24. Rxe7 Qd2 25. Rxb7 Rfe8 26. Rxa7
Re1+ 0-1

[Event "307th YMCA Autumn B"]
[Site "Warsaw"]
[Date "2025.09.26"]
[Round "1"]
[White "Pietrzak, Wojciech"]
[Black "Bobinski, Lukasz"]
[Result "0-1"]
[WhiteElo "1844"]
[BlackElo "1914"]
[PlyCount "66"]
[EventDate "2025.09.25"]
[EventType "tourn"]
[EventRounds "1"]
[EventCountry "POL"]
[SourceDate "2025.09.25"]

1. e4 e5 2. Nf3 Nc6 3. Bb5 f5 4. d4 fxe4 5. Bxc6 bxc6 6. Nxe5 Nf6 7. O-O Bd6 8.
Bg5 O-O 9. Nc3 Qe8 10. f4 Kh8 11. Re1 Bb4 12. Re3 d6 13. Bxf6 Rxf6 14. Nd3 Bxc3
15. bxc3 Qg6 16. Qe1 Bf5 17. Nb4 d5 18. Na6 Qh6 19. g3 g5 20. Qf2 Bh3 21. Kh1
Raf8 22. Rg1 Bg4 23. Nc5 gxf4 24. gxf4 Rxf4 25. Qg3 Bf3+ 26. Rxf3 exf3 27. Nd3
f2 28. Rf1 Rf3 29. Qxc7 Qh3 30. Qe5+ R8f6 31. Qe2 Re3 32. Qd1 Re1 33. Rxe1
fxe1=Q+ 0-1

[Event "307th YMCA Autumn B"]
[Site "Warsaw"]
[Date "2025.10.07"]
[Round "1"]
[White "Pettersson, Alexander"]
[Black "Jaroszuk, Marcin"]
[Result "1/2-1/2"]
[WhiteElo "1829"]
[BlackElo "1735"]
[PlyCount "61"]
[EventDate "2025.09.25"]
[EventType "tourn"]
[EventRounds "1"]
[EventCountry "POL"]
[SourceDate "2025.09.25"]

1. d4 Nf6 2. c4 e6 3. Nc3 d5 4. cxd5 exd5 5. Bg5 c6 6. e3 Bf5 7. Qf3 Bg6 8.
Bxf6 Qxf6 9. Qxf6 gxf6 10. h4 h5 11. Kd2 Nd7 12. Bd3 Be7 13. Nh3 Nb6 14. Nf4 f5
15. Rac1 Nc8 16. Nce2 Nd6 17. f3 Kd7 18. a3 b5 19. Rc2 Nc4+ 20. Bxc4 bxc4 21.
Nc3 Rab8 22. g3 Rb3 23. Rhc1 Rhb8 24. Nd1 Bd8 25. Ke2 Ba5 26. Kf2 Kd6 27. Re2
R8b7 28. Rcc2 R7b5 29. Rc1 Rb6 30. Rec2 Kd7 31. Re2 $11 1/2-1/2

[Event "307th YMCA Autumn B"]
[Site "Warsaw"]
[Date "2025.09.25"]
[Round "1"]
[White "Bartczak, Hanna"]
[Black "Mazurek, Jerzy"]
[Result "0-1"]
[WhiteElo "1739"]
[BlackElo "1922"]
[PlyCount "82"]
[EventDate "2025.09.25"]
[EventType "tourn"]
[EventRounds "1"]
[EventCountry "POL"]
[SourceDate "2025.09.25"]

1. d4 d5 2. c4 e6 3. g3 c5 4. Bg2 cxd4 5. Qxd4 Nc6 6. Qd1 d4 7. Nf3 Bb4+ 8. Bd2
Be7 9. O-O Bf6 10. Na3 Nge7 11. Bg5 Nf5 12. Bxf6 Qxf6 13. Nb5 O-O 14. Nd2 a6
15. Ne4 Qe7 16. Na3 Rd8 17. Nc2 e5 18. a3 Be6 19. Qd3 Na5 20. b3 Qc7 21. Ng5
Qe7 22. Nxe6 Qxe6 23. Be4 Nd6 24. Bd5 Qe7 25. b4 e4 26. Bxe4 Naxc4 27. Bf3 Ne5
28. Qxd4 Rac8 29. Ne3 Qf6 30. Kg2 Ndc4 31. Nd5 Qe6 32. e4 Nxf3 33. Kxf3 f5 34.
Rfd1 fxe4+ 35. Qxe4 Rf8+ 36. Nf4 Qh3 37. Rd5 Rxf4+ 38. Qxf4 Rf8 39. Rd8 Nd2+
40. Rxd2 Rxf4+ 41. Kxf4 Qh6+ 0-1

[Event "307th YMCA Autumn B"]
[Site "Warsaw"]
[Date "2025.09.25"]
[Round "1"]
[White "Sucharski, Jakub"]
[Black "Kadzinski, Wieslaw"]
[Result "0-1"]
[WhiteElo "1815"]
[BlackElo "1915"]
[PlyCount "60"]
[EventDate "2025.09.25"]
[EventType "tourn"]
[EventRounds "1"]
[EventCountry "POL"]
[SourceDate "2025.09.25"]

1. e4 e5 2. Nf3 Nc6 3. d4 exd4 4. Bc4 Nf6 5. e5 d5 6. Bb5 Ne4 7. Nxd4 Bc5 8.
Be3 Bd7 9. Bxc6 bxc6 10. O-O Bb6 11. f3 Ng5 12. f4 Ne4 13. Nd2 Nxd2 14. Qxd2 c5
15. Ne2 d4 16. Bf2 Bc6 17. f5 Qe7 18. c3 O-O-O 19. cxd4 cxd4 20. Rac1 Bb7 21.
Qf4 g5 22. Qg3 h5 23. Rfd1 h4 24. Qg4 Qxe5 25. Bxd4 Bxd4+ 26. Nxd4 Qe3+ 27. Kh1
h3 28. f6+ Kb8 29. Rc2 hxg2+ 30. Rxg2 Rxh2+ 0-1

[Event "307th YMCA Autumn B"]
[Site "Warsaw"]
[Date "2025.09.25"]
[Round "1"]
[White "Basiaga, Sebastian"]
[Black "Markiewicz, Michal"]
[Result "1-0"]
[WhiteElo "1881"]
[BlackElo "1890"]
[PlyCount "73"]
[EventDate "2025.09.25"]
[EventType "tourn"]
[EventRounds "1"]
[EventCountry "POL"]
[SourceDate "2025.09.25"]

1. e4 c5 2. Nc3 e6 3. g3 d5 4. exd5 exd5 5. d4 Nf6 6. Bg2 cxd4 7. Qxd4 Nc6 8.
Qa4 Bc5 9. Nge2 O-O 10. Bg5 h6 11. Bxf6 Qxf6 12. O-O Ne7 13. Nf4 d4 14. Ne4 Qb6
15. Nxc5 Qxc5 16. Rad1 Nf5 17. Rd2 Rd8 18. Qb3 Bd7 19. Bd5 Be8 20. Re1 Qc7 21.
Qd3 Ne7 22. Bb3 Nc6 23. Rde2 Na5 24. Re7 Qd6 25. Bd5 Nc6 26. Rxb7 Nb4 27. Qb3
Nxd5 28. Nxd5 Kh8 29. Nf4 Bc6 30. Rxf7 Re8 31. Rf1 Rab8 32. Qd3 Be4 33. Qd1
Rxb2 34. Qg4 Qe5 35. h4 Rxc2 36. Re1 Qd6 37. Qxg7# 1-0

[Event "307th YMCA Autumn B"]
[Site "Warsaw"]
[Date "2025.10.02"]
[Round "2"]
[White "Kania, Tomasz"]
[Black "Markiewicz, Michal"]
[Result "1-0"]
[WhiteElo "1775"]
[BlackElo "1890"]
[PlyCount "85"]
[EventDate "2025.09.25"]
[EventType "tourn"]
[EventRounds "1"]
[EventCountry "POL"]
[SourceDate "2025.09.25"]

1. e4 c5 2. Nf3 g6 3. d4 cxd4 4. Qxd4 Nf6 5. Nc3 Nc6 6. Qa4 d6 7. e5 dxe5 8.
Nxe5 Bg7 9. Bb5 O-O 10. Nxc6 bxc6 11. Bxc6 Rb8 12. O-O Qc7 13. Re1 Ng4 14. Bf4
e5 15. Bg3 Nh6 16. Rad1 Rxb2 17. Nd5 Qb8 18. Ne7+ Kh8 19. Bd5 Bg4 20. f3 Bf5
21. Nxf5 Nxf5 22. Bf2 Rb4 23. Qxa7 Qxa7 24. Bxa7 Ra4 25. Bc5 Rc8 26. Bb3 Raa8
27. Bb6 Nd4 28. Bxd4 exd4 29. Re7 Rf8 30. Rxf7 Rxf7 31. Bxf7 Bf6 32. f4 Kg7 33.
Bb3 h5 34. Kf2 Ra5 35. Kf3 g5 36. g3 h4 37. gxh4 gxf4 38. Rg1+ Kf8 39. Rg4 Be5
40. Rg5 Ke7 41. Ke4 Kf6 42. Rf5+ Kg6 43. Rxe5 1-0

[Event "307th YMCA Autumn B"]
[Site "Warsaw"]
[Date "2025.10.03"]
[Round "2"]
[White "Kadzinski, Wieslaw"]
[Black "Basiaga, Sebastian"]
[Result "1/2-1/2"]
[WhiteElo "1915"]
[BlackElo "1881"]
[PlyCount "52"]
[EventDate "2025.09.25"]
[EventType "tourn"]
[EventRounds "1"]
[EventCountry "POL"]
[SourceDate "2025.09.25"]

1. e4 e5 2. Nf3 Nc6 3. Bc4 Bc5 4. d4 Bxd4 5. Nxd4 Nxd4 6. O-O Nf6 7. f4 d6 8.
fxe5 dxe5 9. Bg5 Qe7 10. Bxf6 gxf6 11. c3 Ne6 12. Bxe6 Bxe6 13. Na3 Rg8 14. Kh1
Rg6 15. Nc2 Qd7 16. Ne3 Qxd1 17. Rfxd1 Rd8 18. Rxd8+ Kxd8 19. b3 Ke7 20. Kg1
Rg8 21. Rd1 a5 22. c4 Ra8 23. Rd2 c6 24. Kf2 Rb8 25. h3 h5 26. Kg3 Rh8 $11
1/2-1/2

[Event "307th YMCA Autumn B"]
[Site "Warsaw"]
[Date "2025.10.02"]
[Round "2"]
[White "Mazurek, Jerzy"]
[Black "Sucharski, Jakub"]
[Result "1/2-1/2"]
[WhiteElo "1922"]
[BlackElo "1815"]
[PlyCount "73"]
[EventDate "2025.09.25"]
[EventType "tourn"]
[EventRounds "1"]
[EventCountry "POL"]
[SourceDate "2025.09.25"]

1. e4 c5 2. Nf3 e6 3. d4 cxd4 4. Nxd4 Nf6 5. Nc3 Nc6 6. Be2 Bb4 7. O-O O-O 8.
Qd3 d5 9. exd5 Nxd4 10. Qxd4 Bxc3 11. Qxc3 Nxd5 12. Qg3 Qf6 13. c4 Nb6 14. Bf4
Bd7 15. Bd3 Bc6 16. b4 Rfd8 17. Rad1 Qe7 18. b5 Be8 19. Bh6 f6 20. Bc1 Rac8 21.
Rfe1 Nxc4 22. Qh4 Rxd3 23. Rxd3 Bxb5 24. Rc3 Rc6 25. Be3 Nxe3 26. Rcxe3 Bc4 27.
a3 Bd5 28. Qd4 Qc5 29. Qxc5 Rxc5 30. Rb1 Kf7 31. Kf1 Rc2 32. g3 Ke7 33. Ke1 Kd6
34. Re2 Rc3 35. Re3 Rc2 36. Re2 Rc3 37. Re3 $11 1/2-1/2

[Event "307th YMCA Autumn B"]
[Site "Warsaw"]
[Date "2025.10.02"]
[Round "2"]
[White "Jaroszuk, Marcin"]
[Black "Bartczak, Hanna"]
[Result "1/2-1/2"]
[WhiteElo "1735"]
[BlackElo "1739"]
[PlyCount "47"]
[EventDate "2025.09.25"]
[EventType "tourn"]
[EventRounds "1"]
[EventCountry "POL"]
[SourceDate "2025.09.25"]

1. Nf3 d5 2. g3 g6 3. Bg2 Bg7 4. d4 c5 5. O-O cxd4 6. Nxd4 e5 7. Nb3 Ne7 8. c4
d4 9. e3 Nbc6 10. exd4 exd4 11. Re1 O-O 12. Na3 Be6 13. Nc5 Qc8 14. Nxe6 fxe6
15. Bg5 e5 16. Nb5 Qf5 17. Qd2 Qd7 18. Nc3 Rf7 19. Ne4 Raf8 20. Rf1 Nf5 21. Nc5
Qd6 22. Ne4 Qd7 23. Nc5 Qd6 24. Ne4 $11 1/2-1/2

[Event "307th YMCA Autumn B"]
[Site "Warsaw"]
[Date "2025.10.02"]
[Round "2"]
[White "Bobinski, Lukasz"]
[Black "Pettersson, Alexander"]
[Result "1-0"]
[WhiteElo "1914"]
[BlackElo "1829"]
[PlyCount "117"]
[EventDate "2025.09.25"]
[EventType "tourn"]
[EventRounds "1"]
[EventCountry "POL"]
[SourceDate "2025.09.25"]

1. Nf3 Nf6 2. c4 e6 3. g3 d5 4. Bg2 Bd6 5. O-O O-O 6. d4 h6 7. Nc3 b6 8. cxd5
exd5 9. Qc2 Bb7 10. Nb5 Nc6 11. Nxd6 cxd6 12. Bf4 Re8 13. Rfe1 Rc8 14. Qa4 Na5
15. Qd1 Ba6 16. Bh3 Rc7 17. Rc1 Rxc1 18. Bxc1 Qc7 19. Nh4 Rxe2 20. Nf5 Ne4 21.
Be3 Rxe1+ 22. Qxe1 Nc4 23. Qc1 Qd8 24. Bf4 Bc8 25. b3 Bxf5 26. Bxf5 Na5 27. b4
g5 28. Be3 Nc4 $11 29. Bxe4 Nxe3 30. Bb1 Nc4 31. Qc2 Qf6 32. Qh7+ Kf8 33. Qd3
b5 34. Bc2 Qe6 35. Kg2 Ke7 36. Bb1 Qe1 37. h4 Qxb4 38. hxg5 hxg5 39. Qe2+ Kd8
40. Bf5 Qd2 41. Qf3 Qxd4 42. Qh5 Qf6 43. g4 Nd2 44. Qh7 Kc7 45. Qg8 Ne4 46.
Qc8+ Kb6 47. Qb8+ Ka5 48. Qxa7+ Kb4 49. a3+ Kb3 50. Qa5 Qd4 51. Qxb5+ Kxa3 52.
Qa5+ Kb2 53. Qb5+ Kc1 54. Qf1+ Kd2 55. f3 Nc3 56. Qa1 Ke3 57. Qe1+ Kf4 58. Qg3+
Ke3 59. Qf2+ 1-0

[Event "307th YMCA Autumn B"]
[Site "Warsaw"]
[Date "2025.10.17"]
[Round "2"]
[White "Moskwinski, Marek"]
[Black "Pietrzak, Wojciech"]
[Result "0-1"]
[WhiteElo "1907"]
[BlackElo "1844"]
[PlyCount "74"]
[EventDate "2025.09.25"]
[EventType "tourn"]
[EventRounds "1"]
[EventCountry "POL"]
[SourceDate "2025.09.25"]

1. g4 d5 2. h3 e5 3. d3 Nc6 4. c3 Be6 5. Nf3 h5 6. g5 Bd6 7. e4 d4 8. Nbd2 h4
9. Nb3 a5 10. Bd2 a4 11. Nc1 Nge7 12. Ne2 Bc5 13. cxd4 exd4 14. Nf4 Qd6 15. Qc1
a3 16. Nxe6 fxe6 17. Be2 Bb4 18. O-O Ng6 19. Bxb4 Nxb4 20. e5 Qc6 21. Nxd4 Qxc1
22. Raxc1 Nf4 23. bxa3 Nc6 24. Rxc6 bxc6 25. Bg4 Kd7 26. Rc1 Ra6 27. Rc4 Rf8
28. f3 Rxa3 29. Rxc6 Ne2+ 30. Nxe2 Kxc6 31. Nd4+ Kd5 32. Nxe6 Rf7 33. d4 Rxa2
34. f4 Ra6 35. f5 Rxe6 36. fxe6 Re7 37. Bd1 Kxd4 0-1

[Event "307th YMCA Autumn B"]
[Site "Warsaw"]
[Date "2025.10.08"]
[Round "3"]
[White "Pietrzak, Wojciech"]
[Black "Kania, Tomasz"]
[Result "1-0"]
[WhiteElo "1844"]
[BlackElo "1775"]
[PlyCount "65"]
[EventDate "2025.09.25"]
[EventType "tourn"]
[EventRounds "1"]
[EventCountry "POL"]
[SourceDate "2025.09.25"]

1. e4 c5 2. Nf3 Nc6 3. d4 cxd4 4. Nxd4 g6 5. Nc3 Bg7 6. Nxc6 bxc6 7. Bc4 d6 8.
O-O Nf6 9. e5 dxe5 10. Qxd8+ Kxd8 11. Re1 Bf5 12. Rxe5 Nd5 13. Re2 Nxc3 14.
bxc3 Rb8 15. Bf4 Rb7 16. Rd1+ Rd7 17. Rb1 e6 18. h3 h5 19. Bg5+ f6 20. Be3 Ke7
21. Bd4 e5 22. Bc5+ Kd8 23. Ba6 Be6 24. Re4 Ke8 25. Bc8 Rd5 26. Bxe6 Rxc5 27.
Rb7 Bf8 28. Rxa7 Rxc3 29. Rea4 Rxc2 30. Rb7 Rc1+ 31. Kh2 Be7 32. Ra8+ Bd8 33.
Bf7+ 1-0

[Event "307th YMCA Autumn B"]
[Site "Warsaw"]
[Date "2025.10.09"]
[Round "3"]
[White "Pettersson, Alexander"]
[Black "Moskwinski, Marek"]
[Result "1-0"]
[WhiteElo "1829"]
[BlackElo "1907"]
[PlyCount "39"]
[EventDate "2025.09.25"]
[EventType "tourn"]
[EventRounds "1"]
[EventCountry "POL"]
[SourceDate "2025.09.25"]

1. d4 b5 2. e4 Bb7 3. Bd3 e6 4. Nf3 c5 5. c3 cxd4 6. cxd4 a6 7. O-O Nc6 8. Nc3
Nge7 9. Bg5 h6 10. Be3 g5 11. d5 Nb4 12. Bb1 exd5 13. Qd4 Ng6 14. exd5 Rg8 15.
Re1 Be7 16. a3 a5 17. axb4 axb4 18. Rxa8 Qxa8 19. Nxb5 Qa5 20. Bxg6 1-0

[Event "307th YMCA Autumn B"]
[Site "Warsaw"]
[Date "2025.10.09"]
[Round "3"]
[White "Bartczak, Hanna"]
[Black "Bobinski, Lukasz"]
[Result "1-0"]
[WhiteElo "1739"]
[BlackElo "1914"]
[PlyCount "119"]
[EventDate "2025.09.25"]
[EventType "tourn"]
[EventRounds "1"]
[EventCountry "POL"]
[SourceDate "2025.09.25"]

1. d4 Nf6 2. Nc3 d5 3. Bf4 e6 4. e3 Bb4 5. Bd3 c5 6. dxc5 Nbd7 7. Nge2 a6 8. a3
Bxc5 9. Nc1 O-O 10. Nb3 Be7 11. Bg3 b5 12. O-O Bb7 13. Nd4 Rc8 14. Nf3 Nb6 15.
Ne5 Nc4 16. Nxc4 bxc4 17. Be2 Nd7 18. Bf3 Nc5 19. Rb1 Bf6 20. Qd2 a5 21. Nb5
Ba6 22. Nc3 Qe7 23. Rfc1 a4 24. Na2 Rfd8 25. Nb4 $11 Bb7 26. Qe1 g6 27. Rd1 h5
28. h3 Bg7 29. Na2 Nd7 30. Qb4 Qxb4 31. Nxb4 Ba8 32. c3 Nc5 33. Bh4 Rd7 34. g4
hxg4 35. hxg4 f5 36. Kf1 Bc6 37. Ke2 Bb5 38. gxf5 gxf5 39. Rg1 Kf8 40. Rg6 Be5
41. Rbg1 Rg7 42. Be7+ $11 Kf7 43. Rxg7+ Bxg7 44. Bd6 Ne4 45. Bh5+ Kf6 46. Rg6+
Kf7 47. Rh6+ Kg8 48. Rxe6 Bd7 49. Re7 Nxd6 50. Rxd7 Ne4 51. Bf7+ Kh8 52. Bxd5
Nf6 53. Ra7 Bf8 54. Bf3 Ne4 55. Rxa4 Bg7 56. Ra5 Nd6 57. Ra8 Rxa8 58. Bxa8 Kg8
59. Bc6 Kf8 60. a4 1-0

[Event "307th YMCA Autumn B"]
[Site "Warsaw"]
[Date "2025.10.09"]
[Round "3"]
[White "Sucharski, Jakub"]
[Black "Jaroszuk, Marcin"]
[Result "1-0"]
[WhiteElo "1815"]
[BlackElo "1735"]
[PlyCount "121"]
[EventDate "2025.09.25"]
[EventType "tourn"]
[EventRounds "1"]
[EventCountry "POL"]
[SourceDate "2025.09.25"]

1. e4 e5 2. Nf3 Nc6 3. d4 exd4 4. Bc4 Nf6 5. e5 d5 6. Bb5 Ne4 7. Nxd4 Bc5 8.
Be3 O-O 9. Nxc6 bxc6 10. Bxc5 Nxc5 11. Bxc6 Rb8 12. Qxd5 Qe7 13. O-O Rd8 14.
Qf3 Rxb2 15. Nc3 Ne6 16. Ba4 Nd4 17. Qe3 Rxc2 18. Nd5 Rxd5 19. Bxc2 Nxc2 20.
Qe4 Qxe5 21. Qxc2 Rc5 22. Rae1 Rxc2 23. Rxe5 Be6 24. Ra5 Rxa2 25. Rxa2 Bxa2 26.
Ra1 Be6 27. Rxa7 g6 28. Rxc7 Kg7 29. f3 h5 30. Kf2 Kf6 31. Ke3 Ke5 32. Rc5+ Kf6
33. Kf4 Ba2 34. Rc6+ Kg7 35. Ke5 Bb3 36. Kd6 Be6 37. Ke7 Bb3 38. Rf6 Bc4 39.
Rc6 Bb3 40. Kd6 Be6 41. Ke5 Bb3 42. Kf4 Ba2 43. Kg5 Bd5 44. Rf6 Bc4 45. f4 Bd3
46. f5 Be4 47. fxg6 Bxg6 48. Rd6 Kh7 49. Kf6 Kh6 50. Rd8 Kh7 51. Rf8 Be4 52.
Rxf7+ Kh6 53. g3 h4 54. g4 Bf3 55. g5+ Kh5 56. g6 Be4 57. g7 Bh7 58. Rf8 Kg4
59. Rh8 Bf5 60. g8=Q+ Kh3 61. Qg3# 1-0

[Event "307th YMCA Autumn B"]
[Site "Warsaw"]
[Date "2025.10.09"]
[Round "3"]
[White "Basiaga, Sebastian"]
[Black "Mazurek, Jerzy"]
[Result "1/2-1/2"]
[WhiteElo "1881"]
[BlackElo "1922"]
[PlyCount "33"]
[EventDate "2025.09.25"]
[EventType "tourn"]
[EventRounds "1"]
[EventCountry "POL"]
[SourceDate "2025.09.25"]

1. d4 d5 2. c4 e6 3. g3 Nf6 4. Nf3 dxc4 5. Bg2 Bd7 6. Qc2 Bc6 7. Qxc4 Nbd7 8.
O-O Bd5 9. Qa4 c5 10. Nc3 Bc6 11. Qd1 h6 12. Be3 Rc8 13. h3 Be7 14. Qd2 O-O 15.
Rfd1 Nd5 16. Nxd5 Bxd5 17. a3 $11 1/2-1/2

[Event "307th YMCA Autumn B"]
[Site "Warsaw"]
[Date "2025.10.09"]
[Round "3"]
[White "Markiewicz, Michal"]
[Black "Kadzinski, Wieslaw"]
[Result "1-0"]
[WhiteElo "1890"]
[BlackElo "1915"]
[PlyCount "75"]
[EventDate "2025.09.25"]
[EventType "tourn"]
[EventRounds "1"]
[EventCountry "POL"]
[SourceDate "2025.09.25"]

1. d4 Nf6 2. c4 g6 3. Nc3 Bg7 4. e4 d6 5. Nf3 O-O 6. Be2 Nbd7 7. O-O e5 8. d5
Nc5 9. Qc2 a5 10. b3 Nh5 11. Re1 Nf4 12. Bf1 f5 13. Nd2 Bd7 14. Rb1 Qh4 15. g3
Nh3+ 16. Kg2 Qf6 17. Be2 Bh6 18. Kxh3 fxe4+ 19. g4 Qxf2 20. Rf1 Qe3+ 21. Nf3
exf3 22. Bxe3 fxe2 23. Qxe2 Bf4 24. Bxf4 exf4 25. Qf3 h5 26. Kg2 hxg4 27. Qd1
f3+ 28. Kg3 Bf5 29. Rb2 Nd3 30. Rd2 Nc5 31. h3 gxh3 32. Rxf3 Rf7 33. Rd4 Re8
34. Rh4 Rfe7 35. Qd4 Rh7 36. Rxh7 Kxh7 37. Re3 Rf8 38. Re7+ 1-0

[Event "307th YMCA Autumn B"]
[Site "Warsaw"]
[Date "2025.10.21"]
[Round "4"]
[White "Kania, Tomasz"]
[Black "Kadzinski, Wieslaw"]
[Result "1/2-1/2"]
[WhiteElo "1775"]
[BlackElo "1915"]
[PlyCount "42"]
[EventDate "2025.09.25"]
[EventRounds "1"]
[EventCountry "POL"]
[SourceDate "2025.09.25"]

1. d4 Nf6 2. Nf3 g6 3. g3 Bg7 4. c4 d6 5. Bg2 O-O 6. O-O Nbd7 7. Qc2 e5 8. Rd1
Re8 9. Nc3 c6 10. e4 a5 11. h3 Qc7 12. Be3 exd4 13. Nxd4 Nc5 14. Rd2 a4 15.
Rad1 Nfd7 16. Nde2 Ne5 17. Rxd6 Qa5 18. b3 axb3 19. axb3 Qb4 20. f4 Ned7 21. e5
f6 $11 1/2-1/2

[Event "307th YMCA Autumn B"]
[Site "Warsaw"]
[Date "2025.10.16"]
[Round "4"]
[White "Mazurek, Jerzy"]
[Black "Markiewicz, Michal"]
[Result "0-1"]
[WhiteElo "1922"]
[BlackElo "1890"]
[PlyCount "128"]
[EventDate "2025.09.25"]
[EventType "tourn"]
[EventRounds "1"]
[EventCountry "POL"]
[SourceDate "2025.09.25"]

1. d4 Nf6 2. c4 g6 3. Nc3 d5 4. Nf3 Bg7 5. Qb3 c6 6. cxd5 Nxd5 7. e4 Nxc3 8.
bxc3 O-O 9. Be3 c5 10. d5 Qa5 11. Rc1 b6 12. Nd2 Bd7 13. Be2 Rc8 14. O-O b5 15.
f4 Na6 16. Nf3 c4 17. Qc2 b4 18. Ne5 Bb5 19. Bg4 b3 20. Qd2 Rcb8 21. Ra1 Qc7
22. Bd4 Nc5 23. Qe3 Na4 24. a3 Nb6 25. h4 Nd7 26. Bxd7 Bxd7 27. Nxd7 Bxd4 28.
Qxd4 Qxd7 29. Qxc4 Qg4 30. Rab1 b2 31. Qd3 Rb3 32. Qc2 Rab8 33. c4 Qg3 34. Qe2
Qc3 35. f5 Rxa3 36. fxg6 hxg6 37. Qf2 f6 38. Qc5 Qe3+ 39. Qxe3 Rxe3 40. Rf2
Rxe4 41. Rfxb2 Rxb2 42. Rxb2 Rxc4 43. Ra2 Rxh4 44. Rxa7 Kf8 45. Ra8+ Kf7 46.
Kf2 Rd4 47. Ra5 f5 48. Ke3 Rd1 49. Ke2 Rd4 50. Ke3 Re4+ 51. Kf3 Rb4 52. Ke3 Kf6
53. Ra6+ Ke5 54. Rxg6 Kxd5 55. Ra6 Ke5 56. Ra5+ Kf6 57. Ra3 e5 58. g3 Kg5 59.
Kf2 Kg4 60. Rc3 Ra4 61. Rb3 Ra2+ 62. Kf1 Rd2 63. Ra3 e4 64. Re3 Rd3 0-1

[Event "307th YMCA Autumn B"]
[Site "Warsaw"]
[Date "2025.10.14"]
[Round "4"]
[White "Jaroszuk, Marcin"]
[Black "Basiaga, Sebastian"]
[Result "1-0"]
[WhiteElo "1735"]
[BlackElo "1881"]
[PlyCount "45"]
[EventDate "2025.09.25"]
[EventType "tourn"]
[EventRounds "1"]
[EventCountry "POL"]
[SourceDate "2025.09.25"]

1. d4 d5 2. Nf3 Nf6 3. c4 c6 4. Nc3 e6 5. e3 Nbd7 6. Bd3 dxc4 7. Bxc4 b5 8. Be2
Bb7 9. O-O a6 10. e4 c5 11. d5 exd5 12. e5 b4 13. exf6 bxc3 14. Re1 Qb6 15.
Bxa6+ Kd8 16. Bxb7 Qxb7 17. fxg7 Bxg7 18. Qe2 Nf6 19. Bg5 cxb2 20. Rab1 Rxa2
21. Qe5 Qc6 22. Qb8+ Qc8 23. Qd6+ 1-0

[Event "307th YMCA Autumn B"]
[Site "Warsaw"]
[Date "2025.10.16"]
[Round "4"]
[White "Bobinski, Lukasz"]
[Black "Sucharski, Jakub"]
[Result "0-1"]
[WhiteElo "1914"]
[BlackElo "1815"]
[PlyCount "116"]
[EventDate "2025.09.25"]
[EventType "tourn"]
[EventRounds "1"]
[EventCountry "POL"]
[SourceDate "2025.09.25"]

1. e4 c5 2. c3 d5 3. exd5 Qxd5 4. d4 Nf6 5. Nf3 e6 6. Na3 cxd4 7. Nb5 Na6 8.
Nbxd4 Be7 9. Bb5+ Bd7 10. Bxa6 bxa6 11. O-O O-O 12. Re1 Rab8 13. b3 Rfd8 14.
Bf4 Rbc8 15. c4 Qb7 16. Qe2 a5 17. Rad1 Bb4 18. Bd2 Bc6 19. Nxc6 Qxc6 20. Ne5
Qb7 21. Bxb4 axb4 22. h3 Qb6 23. Qf3 h6 24. Re3 Qc7 25. Rxd8+ Rxd8 26. Rd3 Rxd3
27. Nxd3 a5 28. Qa8+ Kh7 29. Qa6 e5 30. Qb5 e4 31. Qf5+ g6 32. Qxf6 exd3 33.
Qd4 Qe7 34. Qxd3 Qe1+ 35. Qf1 Qd2 36. c5 Qxa2 37. Qc4 Qa1+ 38. Kh2 Qe5+ 39. f4
Qc7 40. Qd4 Kg8 41. Kg1 Kf8 42. Kf2 g5 43. f5 Ke7 44. g3 h5 45. Kf3 Qc6+ 46.
Ke3 Qc7 47. Kf3 Qc6+ 48. Ke3 Qc7 49. f6+ Ke6 50. Kf3 Qe5 51. Qc4+ Qd5+ 52. Qe4+
Qe5 53. Qc6+ Kf5 54. g4+ hxg4+ 55. hxg4+ Kg6 56. Qe4+ Kxf6 57. Qc6+ Kg7 58. Qe4
Qxc5 0-1

[Event "307th YMCA Autumn B"]
[Site "Warsaw"]
[Date "2025.10.16"]
[Round "4"]
[White "Moskwinski, Marek"]
[Black "Bartczak, Hanna"]
[Result "1-0"]
[WhiteElo "1907"]
[BlackElo "1739"]
[PlyCount "137"]
[EventDate "2025.09.25"]
[EventType "tourn"]
[EventRounds "1"]
[EventCountry "POL"]
[SourceDate "2025.09.25"]

1. Nh3 d6 2. g3 g6 3. c3 Bg7 4. d4 Nf6 5. Nd2 O-O 6. Nf3 c6 7. Bd2 Ne4 8. Bg2
Nxd2 9. Qxd2 Nd7 10. O-O-O Qa5 11. b3 Qa3+ 12. Qb2 Qxb2+ 13. Kxb2 Nf6 14. Nf4
Ne4 15. Nd3 f5 16. h4 c5 17. h5 b5 18. Rdf1 Rb8 19. hxg6 hxg6 20. e3 b4 21.
cxb4 Ba6 22. Nfe1 cxd4 23. exd4 Bxd4+ 24. Kc2 Rfc8+ 25. Kd1 Rc3 26. Bxe4 fxe4
27. Nf4 Bxf1 28. Rxf1 Bf6 29. Nd5 Rc6 30. f3 exf3 31. Rxf3 Kg7 32. Nd3 Rbc8 33.
b5 Rc2 34. N3b4 Rc1+ 35. Ke2 Rh8 36. a4 Rh2+ 37. Kd3 Rb2 38. Ke4 Re1+ 39. Kf4
g5+ 40. Kg4 Re4+ 41. Kf5 Re5+ 42. Kg4 Kg6 43. Kh3 Re4 44. g4 Ree2 45. Rd3 Rh2+
46. Kg3 Be5+ 47. Kf3 Rh3+ 48. Ke4 Re2+ 49. Re3 Rhxe3+ 50. Nxe3 Bf4 51. Nbd5 e5
52. Kd3 Rb2 53. Kc3 Ra2 54. Nc4 e4 55. Kd4 e3 56. Ndxe3 Ra1 57. Nf5 Rd1+ 58.
Kc3 d5 59. Na5 Rc1+ 60. Kd4 Rd1+ $11 61. Kc5 d4 62. Nxd4 Be3 63. Nac6 Kf6 64.
a5 Kf7 65. b6 axb6+ 66. axb6 Bxd4+ 67. Nxd4 Rc1+ 68. Kd6 Rc8 69. b7 1-0

[Event "307th YMCA Autumn B"]
[Site "Warsaw"]
[Date "2025.10.15"]
[Round "4"]
[White "Pietrzak, Wojciech"]
[Black "Pettersson, Alexander"]
[Result "1-0"]
[WhiteElo "1844"]
[BlackElo "1829"]
[PlyCount "97"]
[EventDate "2025.09.25"]
[EventType "tourn"]
[EventRounds "1"]
[EventCountry "POL"]
[SourceDate "2025.09.25"]

1. e4 c6 2. d4 d5 3. Nc3 a6 4. Nf3 Bg4 5. h3 Bh5 6. e5 e6 7. Be3 Nd7 8. Be2 c5
9. O-O Ne7 10. Re1 Nc6 11. a3 Rc8 12. Qd2 Be7 13. dxc5 Bxf3 14. Bxf3 Ncxe5 15.
Bxd5 exd5 16. Qxd5 O-O 17. Rad1 Bxc5 18. Bxc5 Rxc5 19. Qxc5 Nf3+ 20. gxf3 Nxc5
21. Rxd8 Rxd8 22. Re7 Nd7 23. Re4 Nc5 24. Rc4 Ne6 25. Rb4 Rd7 26. Kg2 Kf8 27.
Ne4 f5 28. Ng3 g6 29. Nf1 Ke7 30. Ne3 Nd4 31. c4 Kf6 32. f4 Nc6 33. Rb3 Ne7 34.
Rb6+ Kg7 35. Kf3 Nc8 36. Rb3 Nd6 37. Rd3 Rd8 38. c5 Nf7 39. Rxd8 Nxd8 40. Nc4
Kf6 41. h4 Ke6 42. b4 Kd5 43. Na5 Kd4 44. a4 Kc3 45. b5 axb5 46. axb5 Kb4 47.
Nxb7 Nxb7 48. c6 Nd6 49. b6 $138 1-0

[Event "307th YMCA Autumn B"]
[Site "Warsaw"]
[Date "2025.10.23"]
[Round "5"]
[White "Pettersson, Alexander"]
[Black "Kania, Tomasz"]
[Result "1/2-1/2"]
[WhiteElo "1829"]
[BlackElo "1775"]
[PlyCount "46"]
[EventDate "2025.09.25"]
[EventType "tourn"]
[EventRounds "1"]
[EventCountry "POL"]
[SourceDate "2025.09.25"]

1. d4 Nf6 2. Nf3 e6 3. e3 b6 4. Bd3 Bb7 5. O-O d5 6. b3 Be7 7. Bb2 O-O 8. Nbd2
Nbd7 9. Ne5 Nxe5 10. dxe5 Ne4 11. Qh5 g6 $11 12. Qe2 Nxd2 13. Qxd2 c5 14. Be2
Qc7 15. Rad1 Rfd8 16. f4 Rac8 17. c3 Bc6 18. Qe1 c4 19. Qg3 a5 20. f5 exf5 21.
Rxf5 Bd7 22. Rf2 Bc6 23. Bf3 $11 Bf8 1/2-1/2